000 00894cam a2200217 i 4500
005 20251124105639.0
008 250721s2000 jo gr 000 0 ara d
082 1 4 _a211.61
_bس ع د
100 1 _aالسعدي، عبد القادر عبد الرحمن
_eمؤلف.
245 1 0 _aأثر الدلالة النحوية و اللغوية في إستنباط الأحكام من آيات القرآن التشريعية /
_cالدكتور عبد القادر عبد الرحمنالسعدي.
250 _aالطبعة الاولى.
264 3 1 _aعمان :
_bدار عمار للنشر والتوزيع،
_c2000.
300 _a356صفحة.
650 1 7 _aالقرآن الكريم.
650 1 7 _aإعراب القرآن.
650 1 7 _aاللغة العربية.
650 1 7 _aقواعد اللغة.
650 1 7 _aنحو القرآن.
942 _2ddc
_cREF
999 _c40874
_d40874